[Event "II Open Amatori"]
[Site "Arvier ITA"]
[Date "2012.01.04"]
[Round "3"]
[White "Cattaneo, Roger"]
[Black "Marguerettaz, Davy"]
[Result "0-1"]
[WhiteElo "1811"]
[BlackElo "2201"]
[PlyCount "74"]
[EventDate "2012.01.02"]

1. e4 c5 2. Nf3 Nc6 3. Nc3 g6 4. Bc4 Bg7 5. a3 e6 6. d3 Nge7 7. O-O O-O 8. Bf4
d6 9. Rb1 a6 10. Ne2 b5 11. Bb3 a5 12. a4 Ba6 13. axb5 Bxb5 14. Nc3 Ba6 15. Re1
Nb4 16. Qd2 Nec6 17. Bh6 Nd4 18. Nxd4 cxd4 19. Bxg7 Kxg7 20. Ne2 Qb6 21. Ba4
Rac8 22. f4 Bb5 23. Bxb5 Rxc2 24. Qd1 Qxb5 25. Kh1 Qxd3 26. Nxd4 Rd2 27. Nxe6+
fxe6 28. Qa4 Qc2 29. Qd7+ Rf7 30. Qxe6 Rxg2 31. Qh3 Re2 32. Rxe2 Qxb1+ 33. Kg2
Nd3 34. Qe3 Nxf4+ 35. Kg3 Nxe2+ 36. Qxe2 Qg1+ 37. Kh3 Qf1+ 0-1

[Event "II Open Amatori"]
[Site "Arvier ITA"]
[Date "2012.01.04"]
[Round "3"]
[White "Doromeychuk, Anton"]
[Black "Neubauer, Kai"]
[Result "0-1"]
[WhiteElo "1708"]
[BlackElo "2039"]
[PlyCount "44"]
[EventDate "2012.01.02"]

1. c4 c5 2. g3 Nc6 3. Bg2 g6 4. e3 Bg7 5. Ne2 e5 6. Nbc3 Nge7 7. O-O d6 8. b3
Be6 9. Bb2 Qd7 10. Nd5 Bxd5 11. cxd5 Nb4 12. d4 Nbxd5 13. dxc5 dxc5 14. e4 Nb6
15. f4 Qxd1 16. Raxd1 O-O 17. fxe5 c4 18. Nf4 Nc6 19. Nd5 Bxe5 20. Ba3 Rfd8 21.
Nf6+ Bxf6 22. Rxd8+ Bxd8 0-1

[Event "II Open Amatori"]
[Site "Arvier ITA"]
[Date "2012.01.04"]
[Round "3"]
[White "Lacrosse, Marc"]
[Black "Bosticardo, Tommaso"]
[Result "1-0"]
[WhiteElo "2185"]
[BlackElo "1774"]
[PlyCount "71"]
[EventDate "2012.01.02"]

1. d4 d5 2. c4 e6 3. Nc3 Nf6 4. Bg5 Be7 5. cxd5 Nxd5 6. Bxe7 Qxe7 7. Nf3 Nxc3
8. bxc3 c5 9. e4 O-O 10. Be2 Nc6 11. d5 exd5 12. exd5 Rd8 13. O-O Qe4 14. c4
Bg4 15. Bd3 Qf4 16. dxc6 Bxf3 17. Qxf3 Qxf3 18. gxf3 Rxd3 19. cxb7 Rb8 20. Rad1
Rd4 21. Rxd4 cxd4 22. Rb1 Kf8 23. Kf1 Ke7 24. Ke2 Kd6 25. Kd3 Kc5 26. Rb5+ Kc6
27. Kxd4 Rd8+ 28. Kc3 Rb8 29. a4 Rxb7 30. Rxb7 Kxb7 31. Kd4 Kc6 32. f4 a5 33.
f5 f6 34. h4 g6 35. fxg6 hxg6 36. c5 1-0

[Event "II Open Amatori"]
[Site "Arvier ITA"]
[Date "2012.01.04"]
[Round "3"]
[White "Ljubisavljevic, Zivojin Z."]
[Black "Yeuillaz, Corrado"]
[Result "0-1"]
[WhiteElo "2214"]
[BlackElo "2221"]
[PlyCount "88"]
[EventDate "2012.01.02"]

1. d4 d6 2. e4 Nf6 3. Nc3 g6 4. f4 Bg7 5. Nf3 O-O 6. e5 Nfd7 7. h4 c5 8. e6
fxe6 9. h5 gxh5 10. Rxh5 Nf6 11. Rh4 cxd4 12. Nxd4 Nc6 13. Be3 Qb6 14. Qd2 Nxd4
15. Bxd4 Ne4 16. Bxb6 Nxd2 17. Kxd2 axb6 18. Bd3 h6 19. Re1 Bd7 20. f5 Bf6 21.
Rb4 exf5 22. Nd5 Bg5+ 23. Kd1 Rxa2 24. Nxe7+ Kg7 25. Rxb6 Ra1+ 26. Ke2 Rxe1+
27. Kxe1 Re8 28. Rxb7 Rxe7+ 29. Kd1 Kf6 30. Rb6 Bf4 31. b4 Be8 32. Be2 Rc7 33.
b5 Ra7 34. Bf3 Ra1+ 35. Ke2 Rb1 36. c4 Bf7 37. Rc6 Rb3 38. b6 Be6 39. Kd1 Bd7
40. Rc7 Ba4 41. Ra7 Rb1+ 42. Ke2 Bd1+ 43. Kf2 Rb2+ 44. Ke1 Bxf3 0-1

[Event "II Open Amatori"]
[Site "Arvier ITA"]
[Date "2012.01.04"]
[Round "3"]
[White "Paonessa, Denis"]
[Black "Pierantoni, Mauro"]
[Result "1-0"]
[WhiteElo "1844"]
[BlackElo "1814"]
[PlyCount "119"]
[EventDate "2012.01.02"]

1. d4 e6 2. c4 d5 3. Nc3 Nf6 4. Bg5 Be7 5. e3 O-O 6. Nf3 c6 7. Qc2 Nbd7 8. Rd1
Ne8 9. Bf4 Nb6 10. cxd5 exd5 11. Bd3 h6 12. O-O Bg4 13. Qe2 Bd6 14. Bxd6 Nxd6
15. h3 Bxf3 16. Qxf3 Nbc4 17. Qe2 b5 18. b3 Nb6 19. Rc1 Qd7 20. Rc2 b4 21. Nb1
a5 22. Rfc1 Rfc8 23. Nd2 a4 24. Nf3 f6 25. Qd2 axb3 26. axb3 Rab8 27. Qxb4 Nbc4
28. Qc3 Nb5 29. Qe1 Nca3 30. Rc5 Na7 31. Qd1 Qb7 32. Nd2 Qb4 33. Ra1 N3b5 34.
Ra4 Nc3 35. Rxb4 Nxd1 36. Rxb8 Rxb8 37. Rc2 Nb5 38. Bxb5 Rxb5 39. Kf1 Ra5 40.
Ke2 Ra1 41. Rxc6 Kf7 42. Rd6 Ke7 43. Rc6 Kd7 44. Rc2 f5 45. b4 g5 46. b5 Kd6
47. b6 Ra6 48. Kxd1 Rxb6 49. Ke2 h5 50. Nf3 g4 51. hxg4 hxg4 52. Ne5 Rb1 53.
Rc6+ Ke7 54. Nd3 Rg1 55. g3 Ra1 56. Nc5 Ra2+ 57. Kf1 Ra1+ 58. Kg2 Ra7 59. Re6+
Kf7 60. Re5 1-0

[Event "II Open Amatori"]
[Site "Arvier ITA"]
[Date "2012.01.04"]
[Round "3"]
[White "Ricci, Piero"]
[Black "Lyabel, Giacomo"]
[Result "1/2-1/2"]
[WhiteElo "1440"]
[BlackElo "1440"]
[PlyCount "131"]
[EventDate "2012.01.02"]

1. d4 d5 2. c4 Nc6 3. Nc3 Nf6 4. e3 e5 5. Nf3 e4 6. Ne5 Bb4 7. Nxc6 bxc6 8. Bd2
Be6 9. c5 O-O 10. Qa4 Bxc3 11. Bxc3 Bd7 12. h3 Re8 13. Be2 h6 14. Ba6 Re6 15.
Qc2 Bc8 16. Be2 a5 17. a4 Ba6 18. O-O Bxe2 19. Qxe2 Ra7 20. Rfb1 Qb8 21. Qd2
Qa8 22. b3 Re8 23. Qd1 Rb8 24. Rb2 Rbb7 25. Rab1 Qb8 26. Qd2 Qa8 27. Ra1 Ra6
28. Qc2 Qb8 29. Qe2 Raa7 30. Rab1 Qa8 31. Kh2 Qb8 32. Qe1 Qa8 33. Qd1 Qd8 34.
Qe1 Qa8 35. Qe2 Qe8 36. Bd2 Qd8 37. Rf1 Qb8 38. Rfb1 Qe8 39. Qd1 Qe6 40. b4
axb4 41. Rxb4 Rxb4 42. Rxb4 Qf5 43. Kg1 Qc8 44. Qb3 Ra8 45. Bc3 Nd7 46. Qd1 Rb8
47. Rxb8 Qxb8 48. a5 Qb5 49. Qc2 Nb8 50. Qb2 Qxb2 51. Bxb2 f5 52. f4 exf3 53.
gxf3 Kf7 54. Kf2 g5 55. Kg3 Kg6 56. h4 Kf6 57. hxg5+ hxg5 58. Bc3 Ke6 59. f4
gxf4+ 60. Kxf4 Kf6 61. Be1 Ke6 62. Bh4 Na6 63. Bd8 Kd7 64. Bf6 Ke6 65. Be5 Kd7
66. Kxf5 1/2-1/2

[Event "II Open Amatori"]
[Site "Arvier ITA"]
[Date "2012.01.04"]
[Round "3"]
[White "Seletsky, Grigory"]
[Black "Ranieri, Fabrizio"]
[Result "1/2-1/2"]
[WhiteElo "2277"]
[BlackElo "2276"]
[PlyCount "133"]
[EventDate "2012.01.02"]

1. e4 e6 2. d4 d5 3. Nd2 Nf6 4. e5 Nfd7 5. c3 c5 6. Bd3 Nc6 7. Ne2 cxd4 8. cxd4
f6 9. exf6 Nxf6 10. O-O Bd6 11. Nf3 O-O 12. Bf4 Bxf4 13. Nxf4 Ne4 14. Nh5 Bd7
15. Ng3 Nxg3 16. hxg3 Qf6 17. Bb5 Nb8 18. Qb3 Bxb5 19. Qxb5 Nc6 20. Rad1 Rf7
21. Rd2 h6 22. Qe2 Re8 23. Re1 Rfe7 24. Qd1 e5 25. dxe5 Nxe5 26. Nxe5 Rxe5 27.
Rxe5 Qxe5 28. Kh2 Rd8 29. Rd4 a6 30. a4 Kh8 31. b3 Rd6 32. Kg1 Rd8 33. g4 Rd6
34. g3 Rd8 35. Kg2 Rd6 36. Qd3 Rd8 37. a5 Qe6 38. Rb4 d4 39. Rxd4 Rxd4 40. Qxd4
Qxb3 41. g5 hxg5 42. Qd8+ Kh7 43. Qxg5 Qe6 44. g4 Qc6+ 45. Kg3 b5 46. axb6 Qxb6
47. Qh5+ Qh6 48. Qf5+ Qg6 49. Qd5 Qf6 50. g5 Qg6 51. Kg4 Qb1 52. f4 Qg1+ 53.
Kh4 Qh2+ 54. Kg4 Qg1+ 55. Kh4 Qf2+ 56. Kg4 Qe2+ 57. Kh4 Qh2+ 58. Kg4 Qg1+ 59.
Kf5 g6+ 60. Kf6 Qb6+ 61. Ke7 Qc7+ 62. Ke6 Qb8 63. Ke7 Qc7+ 64. Ke6 Qc8+ 65. Ke7
Qc7+ 66. Ke6 Qc8+ 67. Ke7 1/2-1/2

[Event "II Open Amatori"]
[Site "Arvier ITA"]
[Date "2012.01.04"]
[Round "3"]
[White "Serrajotto, Marino"]
[Black "Baloire, Endy"]
[Result "1/2-1/2"]
[WhiteElo "1854"]
[BlackElo "1990"]
[PlyCount "43"]
[EventDate "2012.01.02"]

1. e4 c6 2. d4 d5 3. Nc3 dxe4 4. Nxe4 Nd7 5. Bc4 Ngf6 6. Ng5 e6 7. Qe2 Nb6 8.
Be3 Nxc4 9. Qxc4 h6 10. N5f3 Bd6 11. Ne2 Qc7 12. h3 O-O 13. O-O b6 14. Ne5 Bxe5
15. dxe5 Qxe5 16. Qxc6 Ba6 17. Rfe1 Rac8 18. Qa4 Bxe2 19. Rxe2 Nd5 20. Qb5 a6
21. Qb3 Nxe3 22. Rxe3 1/2-1/2

[Event "II Open Amatori"]
[Site "Arvier ITA"]
[Date "2012.01.05"]
[Round "4"]
[White "Baloire, Endy"]
[Black "Bossi, Alessandro"]
[Result "0-1"]
[WhiteElo "1990"]
[BlackElo "2004"]
[PlyCount "236"]
[EventDate "2012.01.02"]

1. d4 Nf6 2. Bf4 e6 3. e3 b6 4. Nf3 Bb7 5. Nbd2 d6 6. c3 Nbd7 7. Be2 Be7 8. O-O
Nh5 9. Bg3 Nxg3 10. hxg3 O-O 11. a4 a5 12. b4 axb4 13. cxb4 c5 14. dxc5 dxc5
15. b5 Bf6 16. Ra2 Qe7 17. Nc4 Rfd8 18. Rd2 Bd5 19. Qc2 Bxc4 20. Bxc4 Ne5 21.
Rfd1 Nxf3+ 22. gxf3 Rxd2 23. Rxd2 Qa7 24. Bb3 g6 25. Rd6 Be7 26. Rd3 Rc8 27.
Qc4 Qb7 28. Kg2 Kg7 29. Rd1 h5 30. Bc2 Qc7 31. Be4 Rd8 32. Rxd8 Bxd8 33. Bc6
Qe5 34. Be4 Bc7 35. f4 Qa1 36. Bf3 Bd8 37. e4 Qa3 38. e5 h4 39. Be4 Be7 40. Bd3
Qb2 41. Qc2 Qd4 42. Qc4 Qb2 43. Qc2 Qa1 44. Qb1 Qxa4 45. Qc2 Qa1 46. Qc4 Qb2
47. Qc2 Qb4 48. Qc4 Qe1 49. Qe4 Qd2 50. Qe2 Qb4 51. Qe4 Qa3 52. Bc4 hxg3 53.
fxg3 Qb2+ 54. Qe2 Qc1 55. Qf1 Qb2+ 56. Qe2 Qb4 57. Qd3 Bf8 58. Qe2 Qa3 59. Qd3
Qb2+ 60. Qe2 Qa1 61. Qf1 Qa4 62. Qe2 Be7 63. Qa2 Qb4 64. Qc2 g5 65. Qe2 Qc3 66.
Qd3 Qb4 67. Qe2 gxf4 68. gxf4 Kf8 69. Qc2 Qa3 70. Qd3 Qb2+ 71. Qe2 Qd4 72. Kf3
Bh4 73. Qf1 Qc3+ 74. Qd3 Qe1 75. Qe2 Qg3+ 76. Ke4 Qc3 77. Qd3 Qa1 78. Qd6+ Kg7
79. Qd3 Bf2 80. Qd2 Qh1+ 81. Kd3 Bd4 82. Ke2 Qh2+ 83. Ke1 Qg3+ 84. Kf1 Be3 85.
Qg2 Qxg2+ 86. Kxg2 Bxf4 87. Kf3 Bxe5 88. Ke4 Bd6 89. Be2 f5+ 90. Ke3 Kf6 91.
Bf3 Ke5 92. Bc6 Be7 93. Bd7 Bg5+ 94. Kd3 Bh4 95. Bc8 Bf2 96. Bd7 Bd4 97. Bc8 f4
98. Bb7 Kf5 99. Bf3 Kg5 100. Ke4 Bf6 101. Be2 Bc3 102. Bc4 e5 103. Be2 Kh4 104.
Kf3 Kh3 105. Bf1+ Kh2 106. Bd3 Kg1 107. Bc4 Bd2 108. Bd3 e4+ 109. Bxe4 c4 110.
Ke2 c3 111. Bc2 Kg2 112. Be4+ Kg3 113. Bd5 Be3 114. Be4 Bc5 115. Bd3 f3+ 116.
Kf1 Kf4 117. Ke1 Ke3 118. Bc4 c2 0-1

[Event "II Open Amatori"]
[Site "Arvier ITA"]
[Date "2012.01.05"]
[Round "4"]
[White "Barletta, Mauro"]
[Black "Seletsky, Grigory"]
[Result "1/2-1/2"]
[WhiteElo "2237"]
[BlackElo "2277"]
[PlyCount "30"]
[EventDate "2012.01.02"]

1. Nf3 Nf6 2. c4 c5 3. g3 Nc6 4. Bg2 d5 5. cxd5 Nxd5 6. d4 e6 7. O-O Be7 8. Nc3
Nxc3 9. bxc3 O-O 10. Rb1 Qa5 11. Qc2 Qa6 12. Bg5 f6 13. Be3 Bd7 14. dxc5 Rfd8
15. Nd4 Na5 1/2-1/2

[Event "II Open Amatori"]
[Site "Arvier ITA"]
[Date "2012.01.05"]
[Round "4"]
[White "Bogatto, Mario"]
[Black "Pierantoni, Mauro"]
[Result "0-1"]
[WhiteElo "1423"]
[BlackElo "1814"]
[PlyCount "112"]
[EventDate "2012.01.02"]

1. e4 e6 2. d4 d5 3. e5 c5 4. Bb5+ Nc6 5. Bxc6+ bxc6 6. Nf3 Ba6 7. Nc3 cxd4 8.
Nxd4 Qc7 9. Nf3 Bb4 10. Bd2 Ne7 11. Ne2 Bxd2+ 12. Qxd2 Ng6 13. g3 Nxe5 14. Nxe5
Qxe5 15. O-O-O Qxe2 16. Qf4 O-O 17. Rhe1 Qc4 18. Qxc4 Bxc4 19. b3 Bb5 20. a4
Ba6 21. Re3 c5 22. Kb2 Rab8 23. Ka3 Rfc8 24. c3 Rc7 25. Rc1 Bc8 26. Ree1 a5 27.
f4 f6 28. Rg1 Kf7 29. g4 h6 30. h4 Ba6 31. Rg3 e5 32. f5 Rbc8 33. g5 hxg5 34.
hxg5 d4 35. c4 e4 36. gxf6 gxf6 37. Rcg1 Ke7 38. Rg7+ Kd6 39. R7g6 Ke5 40. Rh6
Rf8 41. Rf1 Rg7 42. Rh2 Bc8 43. Kb2 Bxf5 44. Rhf2 Be6 45. Kc1 Rg3 46. Rb2 f5
47. Re1 Rh8 48. b4 cxb4 49. c5 Rc3+ 50. Rc2 Rhh3 51. Rxc3 bxc3 52. Rg1 Rh2 53.
Rg7 d3 54. Rg1 Ra2 55. Rg7 Rxa4 56. c6 Ra1# 0-1

[Event "II Open Amatori"]
[Site "Arvier ITA"]
[Date "2012.01.05"]
[Round "4"]
[White "Bosticardo, Tommaso"]
[Black "Bonino, Silvano"]
[Result "1-0"]
[WhiteElo "1774"]
[BlackElo "1492"]
[PlyCount "57"]
[EventDate "2012.01.02"]

1. d4 c6 2. c4 e6 3. Nc3 Nf6 4. e4 d5 5. e5 Nfd7 6. cxd5 cxd5 7. Nf3 Bb4 8. Bd3
Nc6 9. O-O a6 10. Re1 Nb6 11. Bf4 Bd7 12. Rc1 Na7 13. Ng5 f5 14. exf6 Qxf6 15.
Nh3 h6 16. Qh5+ Kd8 17. Bg5 hxg5 18. Qxh8+ Ke7 19. Qxa8 Nxa8 20. Nxd5+ Kf7 21.
Nxf6 Bxe1 22. Nxd7 Bb4 23. Nxg5+ Ke7 24. Nc5 Bd2 25. Rc2 Bxg5 26. Nxb7 Nb5 27.
Bxb5 axb5 28. Rc5 b4 29. Rxg5 1-0

[Event "II Open Amatori"]
[Site "Arvier ITA"]
[Date "2012.01.05"]
[Round "4"]
[White "Bruno, Elio"]
[Black "Doromeychuk, Anton"]
[Result "0-1"]
[WhiteElo "1627"]
[BlackElo "1708"]
[PlyCount "44"]
[EventDate "2012.01.02"]

1. e4 d6 2. d4 Nf6 3. f3 g6 4. Be3 Bg7 5. Qd2 h5 6. Nc3 a6 7. O-O-O b5 8. Kb1
Bb7 9. Nh3 Nbd7 10. Rg1 c5 11. d5 Nb6 12. g4 hxg4 13. fxg4 b4 14. Ne2 Nxe4 15.
Qd3 Bxd5 16. Nef4 e6 17. Nxd5 exd5 18. g5 Qe7 19. Qe2 Qe5 20. Bc1 Na4 21. Rd3
Nxb2 22. Qg4 Nxd3 0-1

[Event "II Open Amatori"]
[Site "Arvier ITA"]
[Date "2012.01.05"]
[Round "4"]
[White "Gromovs, Sergejs"]
[Black "Yeuillaz, Corrado"]
[Result "1-0"]
[WhiteElo "2297"]
[BlackElo "2221"]
[PlyCount "105"]
[EventDate "2012.01.02"]

1. d4 Nf6 2. Nf3 g6 3. c4 Bg7 4. Nc3 O-O 5. e4 d6 6. Be2 c6 7. O-O Nbd7 8. Re1
e5 9. Bf1 Re8 10. d5 c5 11. a3 Rf8 12. b4 Ne8 13. Rb1 h6 14. Na4 b6 15. bxc5
Nxc5 16. Nxc5 bxc5 17. Bd3 f5 18. Qc2 f4 19. Nd2 g5 20. f3 h5 21. Bb2 g4 22.
Bc3 Rf7 23. Bf1 Bf8 24. Rb2 Rg7 25. Reb1 Qh4 26. Qd1 Nf6 27. Qe1 Qg5 28. Rb8
Rxb8 29. Rxb8 Bd7 30. Ba5 h4 31. Bc7 Ne8 32. Bd8 Be7 33. Bxe7 Rxe7 34. fxg4
Bxg4 35. Kh1 Kf8 36. Nf3 Bxf3 37. gxf3 Qh5 38. Qf2 h3 39. a4 Kf7 40. a5 Nf6 41.
a6 Qh7 42. Qe1 Qh5 43. Be2 Ne8 44. Rb7 Kf6 45. Qa5 Qh4 46. Qa1 Qf2 47. Qf1 Qh4
48. Bd1 Nc7 49. Rxa7 Qh8 50. Rb7 Rh7 51. Ba4 Qa8 52. Bb5 Rg7 53. Qxh3 1-0

[Event "II Open Amatori"]
[Site "Arvier ITA"]
[Date "2012.01.05"]
[Round "4"]
[White "Marguerettaz, Davy"]
[Black "Belabbas, Abdellah"]
[Result "1-0"]
[WhiteElo "2201"]
[BlackElo "1881"]
[PlyCount "55"]
[EventDate "2012.01.02"]

1. e4 c5 2. Nf3 d6 3. d4 cxd4 4. Qxd4 Bd7 5. c4 Nc6 6. Qd2 Nf6 7. Nc3 g6 8. b3
Bg7 9. Bb2 O-O 10. h3 Qa5 11. Bd3 a6 12. O-O Rac8 13. a3 Qd8 14. b4 Re8 15. Nd5
e6 16. Ne3 e5 17. Rac1 h6 18. Bb1 Be6 19. Rfe1 Bf8 20. Qe2 Qe7 21. Nd5 Bxd5 22.
cxd5 Na7 23. Qe3 b5 24. Qb6 h5 25. Qxa6 Bh6 26. Rxc8 Rxc8 27. Bd3 Qd7 28. Nxe5
1-0

[Event "II Open Amatori"]
[Site "Arvier ITA"]
[Date "2012.01.05"]
[Round "4"]
[White "Neubauer, Kai"]
[Black "Serrajotto, Marino"]
[Result "1-0"]
[WhiteElo "2039"]
[BlackElo "1854"]
[PlyCount "97"]
[EventDate "2012.01.02"]

1. d4 d5 2. c4 e5 3. dxe5 d4 4. Nf3 Nc6 5. g3 Nge7 6. Bg2 Ng6 7. O-O Ngxe5 8.
Nxe5 Nxe5 9. Qa4+ Qd7 10. Qb3 c5 11. Rd1 Nc6 12. e3 Be7 13. Nc3 O-O 14. Nd5 Rb8
15. Qa4 Bd6 16. exd4 Nxd4 17. Qxa7 Qg4 18. Ne3 Qh5 19. Rxd4 cxd4 20. Qxd4 Bc5
21. Qf4 Be6 22. b3 Bxe3 23. Bxe3 Bd7 24. Bf3 Qg6 25. Bc5 Rfe8 26. Bd6 Rbd8 27.
Bc7 Bc6 28. Bxd8 Rxd8 29. Qc7 Re8 30. Bxc6 bxc6 31. Qd7 Ra8 32. a4 h6 33. Rd1
Qc2 34. Qd3 Qb2 35. Qf3 Rb8 36. Rd3 Qa1+ 37. Kg2 Qb1 38. h4 Qc2 39. h5 Rf8 40.
Rd6 c5 41. Rc6 Rb8 42. Rxc5 Rxb3 43. Rc8+ Kh7 44. Qa8 g6 45. hxg6+ Kxg6 46.
Rg8+ Kf6 47. Qc6+ Kf5 48. g4+ Kf4 49. Qd6+ 1-0

[Event "II Open Amatori"]
[Site "Arvier ITA"]
[Date "2012.01.05"]
[Round "4"]
[White "Piazza, Giacomo"]
[Black "Ricci, Piero"]
[Result "1/2-1/2"]
[WhiteElo "1638"]
[BlackElo "1440"]
[PlyCount "95"]
[EventDate "2012.01.02"]

1. e4 e6 2. Nf3 Nc6 3. Bc4 Bc5 4. O-O Na5 5. Be2 Nc6 6. c3 Nf6 7. d4 Be7 8. d5
exd5 9. exd5 Nb8 10. Re1 d6 11. Bc4 Bg4 12. Bg5 O-O 13. Nbd2 h6 14. Bxf6 Bxf6
15. Ne4 Nd7 16. Qd3 Bxf3 17. Qxf3 Ne5 18. Nxf6+ Qxf6 19. Qxf6 gxf6 20. Bb3 Rae8
21. Re3 Ng6 22. Rg3 Re2 23. h4 h5 24. Rf1 Re5 25. c4 Rfe8 26. f4 Re3 27. Rff3
Rxf3 28. gxf3 Kf8 29. Ba4 Re1+ 30. Kf2 Rb1 31. Ke3 Rxb2 32. Bb3 Ke7 33. f5 Nxh4
34. Rg8 Nxf5+ 35. Kf4 Nd4 36. Ba4 b5 37. cxb5 Nxb5 38. Bb3 f5 39. Rh8 Rh2 40.
Rb8 a6 41. Rb7 h4 42. Bc4 Kd7 43. a4 Nc3 44. Bxa6 Nxd5+ 45. Kxf5 Kc6 46. Rb3
Rc2 47. Bb7+ Kc5 48. Rb5+ 1/2-1/2

[Event "II Open Amatori"]
[Site "Arvier ITA"]
[Date "2012.01.05"]
[Round "4"]
[White "Ranieri, Fabrizio"]
[Black "Lacrosse, Marc"]
[Result "1/2-1/2"]
[WhiteElo "2276"]
[BlackElo "2185"]
[PlyCount "67"]
[EventDate "2012.01.02"]

1. e4 e5 2. Nf3 Nc6 3. d4 exd4 4. Nxd4 Bc5 5. Nxc6 bxc6 6. Bd3 Qh4 7. Qf3 Nf6
8. Bf4 d6 9. O-O O-O 10. Nd2 Nh5 11. g3 Qh3 12. Be2 Nxf4 13. Qxf4 Be6 14. Nb3
Bb6 15. Rfd1 Rae8 16. Nd4 Bd7 17. Bf3 f5 18. Bg2 Qh5 19. exf5 Bxf5 20. Qd2 Bd7
21. Re1 c5 22. Nb3 c4 23. Nd4 c6 24. c3 d5 25. Rxe8 Rxe8 26. Re1 Bxd4 27. Rxe8+
Qxe8 28. cxd4 Bf5 29. h4 h6 30. a3 Qe7 31. Kh2 Kh7 32. Qf4 Bd3 33. Qe3 Qf6 34.
Bf3 1/2-1/2

[Event "II Open Amatori"]
[Site "Arvier ITA"]
[Date "2012.01.06"]
[Round "5"]
[White "Belabbas, Abdellah"]
[Black "Bosticardo, Tommaso"]
[Result "0-1"]
[WhiteElo "1881"]
[BlackElo "1774"]
[PlyCount "42"]
[EventDate "2012.01.02"]

1. d4 d5 2. e4 dxe4 3. Nc3 Nf6 4. f3 Bf5 5. fxe4 Nxe4 6. Qf3 Nd6 7. Bf4 e6 8.
Bxd6 Bxd6 9. Qxb7 Nd7 10. Bb5 O-O 11. Nf3 Bxc2 12. O-O Nf6 13. Rae1 Qb8 14. Qc6
Qb6 15. Qc4 c5 16. d5 Bd3 17. Qa4 Bxf1 18. Rxf1 exd5 19. Bc6 Rad8 20. Kh1 Bb8
21. Ng5 Qb4 0-1

[Event "II Open Amatori"]
[Site "Arvier ITA"]
[Date "2012.01.06"]
[Round "5"]
[White "Bonino, Silvano"]
[Black "Bogatto, Mario"]
[Result "1-0"]
[WhiteElo "1492"]
[BlackElo "1423"]
[PlyCount "117"]
[EventDate "2012.01.02"]

1. d4 d5 2. Bf4 e6 3. e3 Nf6 4. Bd3 c6 5. h3 Nbd7 6. Nf3 Be7 7. Nbd2 b6 8. a3
Bb7 9. Rc1 c5 10. c3 c4 11. Be2 b5 12. Ne5 Nxe5 13. Bxe5 Bd6 14. Bxd6 Qxd6 15.
O-O O-O 16. Nf3 Nd7 17. Re1 f6 18. Bf1 Rae8 19. Qc2 e5 20. Be2 e4 21. Nh2 f5
22. Rf1 Rf6 23. Qd2 Ref8 24. f4 Rh6 25. Kf2 Qf6 26. Rg1 Qh4+ 27. Kf1 Qf6 28.
Qe1 Bc6 29. Qf2 Nb6 30. Bd1 Be8 31. Ke1 Qh4 32. Rc2 Qxf2+ 33. Rxf2 Rff6 34. Kd2
Bh5 35. Bxh5 Rxh5 36. Nf1 Rg6 37. Rh1 Rhh6 38. g3 Na4 39. Kc1 Rd6 40. Rfh2 Rhg6
41. Rg2 h6 42. g4 Nb6 43. Rhg1 fxg4 44. hxg4 Rgf6 45. g5 hxg5 46. Rxg5 Rf7 47.
Rh1 Re7 48. Ng3 Rc7 49. Nf5 Rdd7 50. Nh6+ Kf8 51. Rf5+ Ke7 52. Ng8+ Kd6 53. Rg1
Rf7 54. Rg6+ Rf6 55. Nxf6 gxf6 56. Rgxf6+ Kd7 57. Rf7+ Kc8 58. Rxc7+ Kxc7 59.
Rh5 1-0

[Event "II Open Amatori"]
[Site "Arvier ITA"]
[Date "2012.01.06"]
[Round "5"]
[White "Bossi, Alessandro"]
[Black "Marguerettaz, Davy"]
[Result "0-1"]
[WhiteElo "2004"]
[BlackElo "2201"]
[PlyCount "56"]
[EventDate "2012.01.02"]

1. Nf3 d5 2. d4 Nf6 3. c4 c6 4. cxd5 cxd5 5. Nc3 Nc6 6. Bf4 a6 7. e3 Bg4 8. Qb3
Na5 9. Qc2 Bxf3 10. gxf3 e6 11. Rg1 Nc4 12. Bxc4 dxc4 13. Ne4 b5 14. a4 Nd5 15.
Bg5 f6 16. Bh4 Nb4 17. Qb1 Nd3+ 18. Ke2 g5 19. Bg3 f5 20. Nf6+ Qxf6 21. axb5 f4
22. b3 fxg3 23. Rxg3 Bd6 24. Rh3 g4 25. bxc4 Nf4+ 26. exf4 gxh3 27. Qe4 O-O 28.
Rg1+ Kh8 0-1

[Event "II Open Amatori"]
[Site "Arvier ITA"]
[Date "2012.01.06"]
[Round "5"]
[White "Cattaneo, Roger"]
[Black "Paonessa, Denis"]
[Result "1/2-1/2"]
[WhiteElo "1811"]
[BlackElo "1844"]
[PlyCount "127"]
[EventDate "2012.01.02"]

1. e4 e5 2. Nf3 Nc6 3. Nc3 Nf6 4. Bc4 Nxe4 5. Nxe4 d5 6. Bxd5 Qxd5 7. d3 Be7 8.
Be3 Bg4 9. h3 Bh5 10. Nc3 Qd7 11. g4 Bg6 12. Qe2 O-O-O 13. O-O-O Rhe8 14. Nd2
Nd4 15. Bxd4 exd4 16. Nce4 Qd5 17. Kb1 Bb4 18. Rhe1 f6 19. a3 Ba5 20. b4 Qb5
21. Nb3 Bb6 22. Qd2 Bf7 23. Kb2 Re5 24. f4 Ree8 25. h4 Bd5 26. Re2 Bxe4 27.
Rxe4 Rxe4 28. dxe4 Qc4 29. Qd3 Qc3+ 30. Ka2 Qxd3 31. Rxd3 Re8 32. Nd2 c5 33.
Kb3 Kc7 34. g5 Kc6 35. gxf6 gxf6 36. Rg3 Bc7 37. Rg4 a6 38. f5 b5 39. bxc5 Kxc5
40. h5 a5 41. Nf3 a4+ 42. Kb2 Bd6 43. h6 Bf8 44. Rg8 Kc4 45. Nd2+ Kc5 46. Rh8
Kd6 47. Rxh7 Ke5 48. Rd7 Bxh6 49. Rd5+ Kf4 50. Rxb5 Rc8 51. Rb4 Bf8 52. Rxa4
Ke3 53. Kc1 d3 54. c4 Bc5 55. Nb3 Kxe4 56. Nxc5+ Rxc5 57. Kd2 Kd4 58. Rb4 Rxf5
59. c5+ Kxc5 60. Kxd3 Rf3+ 61. Ke4 Rxa3 62. Rb1 Ra8 63. Kf5 Rf8 64. Re1 1/2-1/2

[Event "II Open Amatori"]
[Site "Arvier ITA"]
[Date "2012.01.06"]
[Round "5"]
[White "Doromeychuk, Anton"]
[Black "Baloire, Endy"]
[Result "0-1"]
[WhiteElo "1708"]
[BlackElo "1990"]
[PlyCount "106"]
[EventDate "2012.01.02"]

1. c4 e5 2. g3 g6 3. Bg2 Bg7 4. e3 f5 5. d4 e4 6. f3 exf3 7. Nxf3 Nf6 8. Nc3
O-O 9. O-O d6 10. Qb3 c6 11. Ng5 Ng4 12. Nh3 Re8 13. Nd1 Nd7 14. Nhf2 Ndf6 15.
Nxg4 Nxg4 16. Nf2 Nxf2 17. Rxf2 Qb6 18. Qd3 Be6 19. b3 Bf7 20. Ba3 Rad8 21. Re1
Bxd4 22. Rfe2 Bc5 23. Bb2 Bb4 24. Rd1 d5 25. cxd5 Bxd5 26. Bxd5+ Rxd5 27. Qc4
Re4 28. Rd4 Rexd4 29. exd4 Kf7 30. Re5 Qb5 31. Rxd5 Qxc4 32. Rxf5+ gxf5 33.
bxc4 Ke6 34. Kf2 b5 35. cxb5 cxb5 36. Ke3 Bd6 37. Kd3 Kd5 38. Bc3 b4 39. Bd2 a5
40. Be1 h5 41. Bd2 Be7 42. Bf4 Bf6 43. Bc7 a4 44. Ba5 Be7 45. Bc7 Bf8 46. Bf4
Bg7 47. Bd2 b3 48. axb3 axb3 49. Bc3 Bf8 50. Bb2 Bb4 51. Ke3 Kc4 52. Kf4 Bc3
53. d5 Bxb2 0-1

[Event "II Open Amatori"]
[Site "Arvier ITA"]
[Date "2012.01.06"]
[Round "5"]
[White "Lacrosse, Marc"]
[Black "Barletta, Mauro"]
[Result "1-0"]
[WhiteElo "2185"]
[BlackElo "2237"]
[PlyCount "105"]
[EventDate "2012.01.02"]

1. d4 d5 2. c4 Nc6 3. Nc3 Nf6 4. Nf3 Bf5 5. cxd5 Nxd5 6. Qb3 e6 7. e4 Nxc3 8.
exf5 Nd5 9. Bd2 Rb8 10. fxe6 fxe6 11. Bd3 Be7 12. O-O O-O 13. Rfe1 Kh8 14. Re4
Qe8 15. Rae1 Qh5 16. Ne5 Nxe5 17. Rxe5 Qh4 18. R1e2 Bd6 19. g3 Qxd4 20. Rxe6
Nf6 21. Be3 Qg4 22. Bxa7 Rbd8 23. Be3 Qh3 24. Rxf6 Rxf6 25. Bg5 Qd7 26. Bxf6
gxf6 27. Qxb7 Be5 28. Bc2 Qg4 29. Qe4 Qh5 30. Qf5 Qxf5 31. Bxf5 Ra8 32. b3 Ra3
33. Bd3 Kg7 34. Bb5 Ra8 35. a4 c5 36. f4 Bd4+ 37. Kf1 Ra7 38. Ke1 Bc3+ 39. Kd1
Kg6 40. Kc2 Bb4 41. g4 h6 42. h4 Kf7 43. Kd3 Ra8 44. Bc4+ Kf8 45. Bd5 Rd8 46.
Kc4 Rd7 47. Re6 Kg7 48. h5 Ra7 49. Kb5 Rc7 50. a5 Rd7 51. Bc6 Ra7 52. a6 Bd2
53. Kb6 1-0

[Event "II Open Amatori"]
[Site "Arvier ITA"]
[Date "2012.01.06"]
[Round "5"]
[White "Ljubisavljevic, Zivojin Z."]
[Black "Neubauer, Kai"]
[Result "1/2-1/2"]
[WhiteElo "2214"]
[BlackElo "2039"]
[PlyCount "108"]
[EventDate "2012.01.02"]

1. e4 c5 2. f4 g6 3. Nf3 Bg7 4. Nc3 Nc6 5. Bb5 Nd4 6. Nxd4 cxd4 7. Ne2 a6 8.
Bc4 Qc7 9. d3 b5 10. Bb3 e6 11. O-O Ne7 12. Qe1 Bb7 13. Bd2 a5 14. a4 b4 15.
Qf2 Qb6 16. Ng3 f5 17. exf5 gxf5 18. Nh5 Rg8 19. Qe2 Bh8 20. Rf3 Bxf3 21. Qxf3
Qc6 22. Qh3 O-O-O 23. Ng3 Nd5 24. Re1 Rg4 25. Ne2 Ne3 26. Bxe3 dxe3 27. c3 Rdg8
28. g3 Qf3 29. Qg2 Qxg2+ 30. Kxg2 h5 31. Kf3 d5 32. Kxe3 h4 33. Kf3 hxg3 34.
hxg3 Kd7 35. c4 dxc4 36. dxc4 Bxb2 37. c5 R4g6 38. Rb1 Bc3 39. Rd1+ Ke7 40. c6
Rd8 41. Rh1 Rd3+ 42. Kf2 Kd6 43. Bc4 Bd4+ 44. Kg2 Rd2 45. Bb5 Rg7 46. Kf3 Rg8
47. Rh7 b3 48. Rd7+ Kc5 49. c7 b2 50. Rd8 Rxd8 51. cxd8=Q b1=Q 52. Qe7+ Kd5 53.
Qd7+ Kc5 54. Qe7+ Kd5 1/2-1/2